| 000 | 00857cab a2200265 4500 | ||
|---|---|---|---|
| 001 | ABS48056 | ||
| 008 | 090401t1993 xxu||||| |||| 00| 0 eng d | ||
| 035 | _a(Sirsi) u64696 | ||
| 041 | _aeng | ||
| 100 | _aCampbell, H. | ||
| 245 | _aGIS in British local government: an update | ||
| 260 | _c1993 | ||
| 350 | _a0 | ||
| 490 |
_aBURISA _v(107) February 1993, 2-5(4) |
||
| 520 | _aBrings up to date a 1991 telephone survey of local authorities` use of GIS. Areas of inquiry include the types of equipment and software, perceived and actual benefits, and problems of implementation. | ||
| 650 | _aCOMPUTERS | ||
| 650 | _aGIS | ||
| 650 | _aIMPLEMENTATION | ||
| 650 | _aLOCAL AUTHORITIES | ||
| 690 | _aMANAGEMENT-BUSINESS MANAGEMENT-INFORMATION MANAGEMENT | ||
| 700 | _aGraglia, M. | ||
| 700 | _aMasser, I. | ||
| 942 | _n0 | ||
| 948 | _c04/03/1997 | ||
| 999 |
_c40305 _d40305 |
||